Western Sahara Country Quiz - Statistics

General Stats
  • This quiz has been taken 49 times
  • The average score is 6 of 17
Answer Stats
Hint Answer % Correct
Bordering countries Morocco
91%
Bordering countries Algeria
81%
Bordering countries Mauritania
81%
Most common religion Islam
63%
An international organization where Western Sahara is a full member {African} Union
59%
Spanish island chain located off the northern shore of Western Sahara Canary Islands
53%
Biggest cites Laayoune
50%
Indigenous People Sahrawi
38%
The year in which Western Sahara proclaimed its independence from Spain 1976
34%
Number of countries that recognize Western Sahara 34
34%
Capital (under Moroccan control) Al-Ujun
6%
The People's Liberation Front of Es-Sakija al-Hamra and Rio de Oro undertook ... anti-Spanish {military campaign}
6%
The history of Western Sahara can be traced back to the times of ... Carthaginian
6%
Most of Western Sahara's territory remains unused ... Economically
6%
The only legally operating political party in an area not controlled by Morocco Font Polisario
6%
Full name Saharan Arab Democratic Republic
6%
Capitals (A temporary capital) Titfariti
6%
No matching quizzes found
Score Distribution
Percent of People with Each Score
Percentile by Number Answered
Your Score History
You have not taken this quiz